[Event "Adygea rapid op"]
[Site "Maikop"]
[Date "2019.05.02"]
[Round "2"]
[White "Korsun, Vladimir"]
[Black "Sifunda, Sergey"]
[Result "0-1"]
[WhiteElo "1604"]
[BlackElo "1821"]
[PlyCount "70"]
[EventDate "2019.05.02"]
[EventType "swiss (rapid)"]
[EventRounds "9"]
[EventCountry "RUS"]
[SourceTitle "CBM 190 Extra"]
[Source "ChessBase"]
[SourceDate "2019.07.15"]
[SourceVersion "1"]
[SourceVersionDate "2019.07.15"]
[SourceQuality "1"]

1. e4 c5 2. Nf3 d6 3. Bc4 e6 4. 0-0 Nc6 5. d4 cxd4 6. Nxd4 Be7 7. Nc3 a6 8. Be3 Qc7 9. Bb3 Nf6 10. f3 0-0 11. Na4 b5 12. Nxc6 Qxc6 13. Nb6 Rb8 14. Nxc8 Rbxc8 15. c3 Rfd8 16. a4 d5 17. e5 Nd7 18. f4 Bc5 19. Bxc5 Nxc5 20. Bc2 bxa4 21. Rf3 Qb6 22. Kh1 Ne4 23. Qe2 Qxb2 24. Raf1 Rxc3 25. Rxc3 Qxc3 26. Bxe4 dxe4 27. Qxe4 Qd3 28. Qe1 a3 29. f5 a2 30. fxe6 fxe6 31. Qf2 h6 32. Qf7+ Kh7 33. h4 Rb8 34. Rf6 a1Q+ 35. Kh2 Qxe5+ 0-1

[Event "Adygea rapid op"]
[Site "Maikop"]
[Date "2019.05.02"]
[Round "1"]
[White "Udovichenko, Nikolai"]
[Black "Korsun, Vladimir"]
[Result "1-0"]
[WhiteElo "2174"]
[BlackElo "1604"]
[PlyCount "69"]
[EventDate "2019.05.02"]
[EventType "swiss (rapid)"]
[EventRounds "9"]
[EventCountry "RUS"]
[SourceTitle "CBM 190 Extra"]
[Source "ChessBase"]
[SourceDate "2019.07.15"]
[SourceVersion "1"]
[SourceVersionDate "2019.07.15"]
[SourceQuality "1"]

1. e4 e5 2. Nf3 d6 3. d4 exd4 4. Nxd4 Nf6 5. Nc3 Be7 6. Bc4 0-0 7. 0-0 c6 8. Bb3 b5 9. Qd3 a6 10. Nf3 c5 11. Bd5 Nxd5 12. Nxd5 Bb7 13. Bf4 a5 14. Nxe7+ Qxe7 15. Bxd6 Qxe4 16. Qxe4 Bxe4 17. Bxf8 Kxf8 18. c3 Nc6 19. Ng5 Bd3 20. Rfe1 Re8 21. Rxe8+ Kxe8 22. Re1+ Kf8 23. Nf3 Bc4 24. b3 Bd5 25. Ne5 Nxe5 26. Rxe5 Bc6 27. Rxc5 Bd7 28. f3 Ke7 29. Kf2 Kd6 30. b4 a4 31. a3 Bc6 32. Ke3 g6 33. Kd4 Be8 34. c4 bxc4 35. Kxc4 1-0